Villes commençant par P sur une carte - Statistiques

Statistiques générales
  • Ce quiz a été pris 263 fois
  • Le résultat moyen est 13 sur 30
Réponses sur la Carte
Les réponses sont colorées sur une échelle allant du rouge au vert en fonction du pourcentage des utilisateurs qui les ont devinées à leur premier essai. Vous pouvez retrouver ces pourcentages ci-dessous.
 
Statistiques - réponses
ville % Correct
Paris
100%
Prague
80%
Panama
79%
Palerme
75%
Pyongyang
73%
Perth
67%
Pretoria
67%
Philadelphie
61%
Port-au-Prince
61%
Phnom Penh
60%
Portland
60%
Priština
60%
Phoenix
48%
Port Moresby
47%
Portsmouth
45%
Pampelune
43%
Porto Novo
41%
Port d'Espagne
34%
Porto Alegre
32%
Phuket
29%
Pittsburgh
29%
Pondichéry
21%
Padoue
17%
Plovdiv
17%
Pune
16%
Puebla
14%
Providence
11%
Port Harcourt
9%
Palembang
4%
Patna
4%
Aucun quiz correspondant
Distribution des résultats
% des personnes avec chaque résultat
Percentile par nombre de réponses
Votre historique - résultats
Vous n’avez pas pris ce quiz